000 00551nam a22002177a 4500
003 UA-OsUOA
001 41224
007 ta
008 20060919b un ||||| |||| 00| 0 ukr d
100 _aMatlakowski W.
090 _a82-94(438)
942 _cBK
040 _aUA-OsUOA
_bpol
_cUA-OsUOA
_dUA-OsUOA
245 _aWspomnienia z zytia przeszlego i terazniejsznego
300 _a503 с.
955 _a2
041 _apol
080 _a82-94(438)
650 7 _a82 Література. Літературознавство
_2UDC
999 _c327296
_d327296